Politique environnementale Etats-Unis - Statistiques

Statistiques générales
  • Ce quiz a été pris 61 fois
  • Le résultat moyen est 4 sur 8
Statistiques - réponses
Hint Réponse % Correct
Date de création du premier parc naturel Yellowstone créé sous Ulysse Grant 1872
96%
Nature sauvage non modifiée par l'Homme mais qui peut être importante pour l'activité humaine Wilderness
76%
Fondateur du Sierra Club en 1892 : John Muir
73%
Nom de la doctrine partagé par le président des États Unis James Monroe pour encourager la conquête de L'Ouest (1824) La Destinée Manifeste
33%
Le second à une approche de la nature qui promeut une gestion raisonné des ressources dans le respect du rythme et du renouvellement des milieux Conservation
29%
Nombre d'hectares de forêt avant l'arrivée européenne en Amérique (il n'y en as plus que 81 millions en 1900) 800
22%
La société américaine est divisé en deux camps le premier considère que la nature est protégé par elle même contre les effets néfastes des sociétés : Preservation
22%
Idéologie partagé par le président Thomas Jefferson dans l'avancée vers L'Ouest"soumettre ou défricher la nature mais de manière rationnel" (1801-1809) L'Agrarianisme
2%
Aucun quiz correspondant
Distribution des résultats
% des personnes avec chaque résultat
Percentile par nombre de réponses
Votre historique - résultats
Vous n’avez pas pris ce quiz